| 000 | 00518cam a22001577a 4500 | ||
|---|---|---|---|
| 008 | 180718b1959 xxu||||| |||| 00| 0 eng d | ||
| 082 | _aB135x54 M896 | ||
| 100 | _aMukherjee, P.K. | ||
| 245 |
_aA pilot survey for fourteen villages in U.P. and Punjab: a study in methodology of research in rural change _cby P.K. Mukherjee and S.C. Gupta |
||
| 260 |
_aBombay _bAsia _c1959 |
||
| 300 | _a197p. | ||
| 500 | _aRs.16.50 | ||
| 650 | _aCommunity Life - India | ||
| 650 | _aSociology, Rural - India | ||
| 700 | _aGupta, S.C. | ||
| 999 |
_c374351 _d374351 |
||